Plánované hospodářství politickoekonomický časopis SPK

Guardado en:
Detalles Bibliográficos
Formato: Seriadas
Lenguaje:checo
Publicado: Praha Panorama
Etiquetas: Agregar Etiqueta
Sin Etiquetas, Sea el primero en etiquetar este registro!

MARC

LEADER 00000nas1a22000001 4500
001 s121006
005 20041019155347.2
041 0 |a cze 
044 |a CZ 
245 1 0 |a Plánované hospodářství  |b politickoekonomický časopis SPK 
264 1 |a Praha  |b Panorama